9th International Conference on Chemical Technology Proceedings

Gespeichert in:
Bibliographische Detailangaben
Körperschaft: International Conference on Chemical Technology
Format: Buch
Sprache:Englisch
Tschechisch
Veröffentlicht: Praha Czech Society of Industrial Chemistry 2022
Ausgabe:1st Edition
Schlagworte:
Tags: Tag hinzufügen
Keine Tags, Fügen Sie das erste Tag hinzu!

MARC

LEADER 00000nlm a2200000 4500
001 0289492
005 20240822101720.3
020 |a 978-80-88307-11-2 
041 0 |a eng 
041 0 |a cze 
044 |a CZ 
245 1 0 |a 9th International Conference on Chemical Technology  |b Proceedings 
250 |a 1st Edition 
264 1 |a Praha  |b Czech Society of Industrial Chemistry  |c 2022 
300 |a 410 s. 
610 2 0 |a chémia 
610 2 0 |a technológia 
610 2 0 |a petrochémia 
610 2 0 |a palivá 
110 2 |a International Conference on Chemical Technology